<?xml version="1.0" encoding="UTF-8"?><?xml-stylesheet type="text/xsl" href="static/style.xsl"?><OAI-PMH xmlns="http://www.openarchives.org/OAI/2.0/" xmlns:xsi="http://www.w3.org/2001/XMLSchema-instance" xsi:schemaLocation="http://www.openarchives.org/OAI/2.0/ http://www.openarchives.org/OAI/2.0/OAI-PMH.xsd"><responseDate>2026-04-13T15:12:29Z</responseDate><request verb="GetRecord" identifier="oai:www.recercat.cat:10256/19688" metadataPrefix="marc">https://recercat.cat/oai/request</request><GetRecord><record><header><identifier>oai:recercat.cat:10256/19688</identifier><datestamp>2024-06-18T13:56:32Z</datestamp><setSpec>com_2072_452955</setSpec><setSpec>com_2072_2054</setSpec><setSpec>col_2072_453073</setSpec></header><metadata><record xmlns="http://www.loc.gov/MARC21/slim" xmlns:dcterms="http://purl.org/dc/terms/" xmlns:xsi="http://www.w3.org/2001/XMLSchema-instance" xmlns:doc="http://www.lyncode.com/xoai" xsi:schemaLocation="http://www.loc.gov/MARC21/slim http://www.loc.gov/standards/marcxml/schema/MARC21slim.xsd">
   <leader>00925njm 22002777a 4500</leader>
   <datafield ind2=" " ind1=" " tag="042">
      <subfield code="a">dc</subfield>
   </datafield>
   <datafield ind2=" " ind1=" " tag="720">
      <subfield code="a">Luque Urrutia, Jesús Antonio</subfield>
      <subfield code="e">author</subfield>
   </datafield>
   <datafield ind2=" " ind1=" " tag="720">
      <subfield code="a">Pèlachs, Tània</subfield>
      <subfield code="e">author</subfield>
   </datafield>
   <datafield ind2=" " ind1=" " tag="720">
      <subfield code="a">Solà i Puig, Miquel</subfield>
      <subfield code="e">author</subfield>
   </datafield>
   <datafield ind2=" " ind1=" " tag="720">
      <subfield code="a">Poater Teixidor, Albert</subfield>
      <subfield code="e">author</subfield>
   </datafield>
   <datafield ind2=" " ind1=" " tag="260">
      <subfield code="c">info:eu-repo/date/embargoEnd/2022-05-06</subfield>
   </datafield>
   <datafield ind2=" " ind1=" " tag="260">
      <subfield code="c">2021-05-06</subfield>
   </datafield>
   <datafield ind2=" " ind1=" " tag="520">
      <subfield code="a">We study with density functional theory calculations the mechanism of the original example of a base-metal-catalyzed synthesis of amides from alcohols and amines. A preliminary proposal of the mechanism of this reaction was experimentally reported by Milstein and co-workers. Instead of the proposed reaction mechanism with a hemilabile pincer amine arm, our DFT calculations describe a facile protocol, where the catalyst only produces aldehydes from alcohols. Once formaldehyde is formed from methanol, it reacts with the amine to form a second alcohol. This new alcohol undergoes the same procedure as methanol and creates the desired amide through a double-carrousel mechanism. The rate-determining step in the catalytic aldehyde synthesis corresponds to the H2 formation. However, in the nonmetal-catalyzed part of the mechanism, the interaction of formaldehyde with the amine is also quite kinetically demanding</subfield>
   </datafield>
   <datafield ind2=" " ind1=" " tag="520">
      <subfield code="a">J.A.L.-U. thanks Universitat de Girona for an IFUdG2017 Ph.D.&#xd;
fellowship. A.P. is a Serra Húnter Fellow. A.P. and M.S. thank the&#xd;
Ministerio de Economía y Competitividad (MINECO) of Spain for&#xd;
projects PGC2018-097722-B-I00 and CTQ2017-85341-P;&#xd;
Generalitat de Catalunya for project 2017SGR39 and ICREA&#xd;
Academia prize 2019 to A.P.</subfield>
   </datafield>
   <datafield ind1="8" ind2=" " tag="024">
      <subfield code="a">http://hdl.handle.net/10256/19688</subfield>
   </datafield>
   <datafield tag="653" ind2=" " ind1=" ">
      <subfield code="a">Amides -- Síntesi</subfield>
   </datafield>
   <datafield tag="653" ind2=" " ind1=" ">
      <subfield code="a">Amides -- Synthesis</subfield>
   </datafield>
   <datafield tag="653" ind2=" " ind1=" ">
      <subfield code="a">Catalitzadors</subfield>
   </datafield>
   <datafield tag="653" ind2=" " ind1=" ">
      <subfield code="a">Catalysts</subfield>
   </datafield>
   <datafield ind2="0" ind1="0" tag="245">
      <subfield code="a">Double-Carrousel Mechanism for Mn-Catalyzed Dehydrogenative Amide Synthesis from Alcohols and Amines</subfield>
   </datafield>
</record></metadata></record></GetRecord></OAI-PMH>